000 00493nam a2200145 i 4500
001 60251
003 ES-MaACL
005 20230906164206.0
007 t|
008 031104s1919 sp ||||1| spa d
100 1 _aEspaña Sirat, José María.
_947764
245 1 4 _aLas corrientes autonomistas en el mundo y el pleito de Cataluña
_b: conferencia dada en la Agrupación Regionalista de Grans /
_cJosé Mª España Sirat.
260 _aLérida :
_b[s.n.,
_c1919]
852 _aES-MaACL
_j1576-F-10
999 _c60251
_d60251